|
|
|
|
| LEADER |
00000nam0a2200000 4500 |
| 001 |
336566 |
| 005 |
20231102004852.0 |
| 035 |
|
|
|a (RuTPU)RU\TPU\book\362995
|
| 090 |
|
|
|a 336566
|
| 100 |
|
|
|a 20171018d1964 km y0rusy50 ca
|
| 101 |
0 |
|
|a rus
|
| 102 |
|
|
|a RU
|
| 105 |
|
|
|a af z 001zy
|
| 200 |
1 |
|
|a Оборудование цехов холодной прокатки
|f А. П. Кошка, В. Н. Бринза
|
| 210 |
|
|
|a Москва
|c Металлургия
|d 1964
|
| 215 |
|
|
|a 208 с.
|c ил.
|e Прилож.: 2 вкл. л
|
| 320 |
|
|
|a Библиогр.: с. 207-208
|
| 606 |
1 |
|
|a Прокатка металлов холодная
|x Напряжение полосы
|x Измерение
|2 stltpush
|3 (RuTPU)RU\TPU\subj\52048
|9 70542
|
| 606 |
1 |
|
|a Прокатное оборудование
|x Надежность
|2 stltpush
|3 (RuTPU)RU\TPU\subj\52057
|9 70551
|
| 610 |
1 |
|
|a холоднокатаная листовая сталь
|
| 610 |
1 |
|
|a производство
|
| 610 |
1 |
|
|a окалины
|
| 610 |
1 |
|
|a очистка
|
| 610 |
1 |
|
|a прокатное производство
|
| 610 |
1 |
|
|a прокатные станы
|
| 610 |
1 |
|
|a подготовка
|
| 610 |
1 |
|
|a термическая обработка
|
| 675 |
|
|
|a 621.771.016
|v 4
|
| 675 |
|
|
|a 621.771.06
|v 4
|
| 700 |
|
1 |
|a Кошка
|b А. П.
|g Алексей Петрович
|
| 701 |
|
1 |
|a Бринза
|b В. Н.
|g Владимир Николаевич
|
| 801 |
|
1 |
|a RU
|b 63413507
|c 20171018
|
| 801 |
|
2 |
|a RU
|b 63413507
|c 20201112
|g RCR
|
| 942 |
|
|
|c BK
|